LEADER 01221nam a2200289 i 4500 001 000000214506 003 CaOOAMICUS 005 20120723000000.0 008 120723s1964 it u000 u ita u 013 $a193377 040 $aSeMil$bita 100 1 $aSartre, Jean-Paul <1905-1980>.$0(OLS)http://semarc/name/526 245 10$aTeatro /$c; traduzioni di Giorgio Monicelli, Felice Dessi, Roberto Cantini. 250 $a2. ed. 260 $aMilano :$bArnoldo Mondadori Editore,$c1964. 300 $a847 p. ;$c19 cm. 490 0 $aBiblioteca moderna Mondadori ;$v462.-465 490 0 $aBiblioteca moderna Mondadori. Teatro 700 1 $aDessi, Felice.$0(OLS)http://semarc/name/73071 700 1 $aMonicelli, Giorgio,$d<1910-1968>.$0(OLS)http://semarc/name/15498 830 0$aBiblioteca moderna Mondadori ;$v462.-465.$0(OLS)http://semarc/title/8674 830 0$aBiblioteca moderna Mondadori. Teatro.$0(OLS)http://semarc/title/18934 850 $aSeMil 852 $aSeMil$W1$xVenegono$y1$m1V IV 156$j164928$B164928$CSeMilBibl$Z2$F187476 $81 961 $aOmaggio: Altro 996 $6245$aTeatro$9(OLS)http://semarc/title/2640 996 $6260$aMilano :$bArnoldo Mondadori Editore$9(OLS)http://semarc/publisher/30056 LEADER 00775nam a2200193 i 4500 001 000000019353 003 CaOOAMICUS 005 20220520110840.0 008 180830n it u000 u ita u 040 $aSeMil$bita 100 1 $aRabelais, François,$d.$0(OLS)http://semarc/name/90048 240 13$aLa vie de Gargantua et de Pantagruel.$0(OLS)http://semarc/title/440080 245 10$aPantagruel. 300 $a2 v. 773 0 $aRabelais, François $tOeuvres.$dParis : La Renaissance du Livre, [19-?]$kTous les chefs-d'oeuvre de la littérature française$w()19352 774 0 $tTome deuxième.$w()170481 774 0 $tTome troisième et dernier.$w()170482 996 $6245$aPantagruel$9(OLS)http://semarc/title/25448